Les plus grandes villes du bassin de l'Amazone sur une carte - Statistiques

Statistiques générales
  • Ce quiz a été pris 301 fois
  • Le résultat moyen est 5 sur 15
Réponses sur la Carte
Les réponses sont colorées sur une échelle allant du rouge au vert en fonction du pourcentage des utilisateurs qui les ont devinées à leur premier essai. Vous pouvez retrouver ces pourcentages ci-dessous.
 
Statistiques - réponses
Population Pays Ville % Correct
1 605 700 Bolivie La Paz
95%
2 244 500 Brésil Manaus
80%
1 493 500 Brésil Belem
64%
492 400 Pérou Cuzco
56%
1 442 400 Bolivie Santa Cruz
42%
900 000 Bolivie Cochabamba
26%
430 700 Pérou Iquitos
21%
426 600 Brésil Boa Vista
14%
500 000 Brésil Macapa
13%
500 500 Brésil Porto Velho
13%
361 500 Équateur Cuenca
12%
385 100 Brésil Rio Branco
9%
240 100 Pérou Ayacucho
7%
450 900 Pérou Huancayo
7%
396 400 Pérou Pucallpa
7%
Aucun quiz correspondant
Distribution des résultats
% des personnes avec chaque résultat
Percentile par nombre de réponses
Votre historique - résultats
Vous n’avez pas pris ce quiz